Secondi posti all'Europeo - Statistics

Statistiche generali
  • Questo quiz è stato fatto 32 volte
  • Il punteggio medio è 13 su 16
Statistiche sulle risposte
Edizione Nazionale % Corretto
2016 Francia
100%
1992 Germania
100%
2008 Germania
100%
1976 Germania Ovest
100%
2020 Inghilterra
100%
2000 Italia
100%
2012 Italia
100%
2004 Portogallo
100%
1984 Spagna
100%
1980 Belgio
71%
1960 Jugoslavia
61%
1968 Jugoslavia
61%
1996 Repubblica Ceca
46%
1964 Unione Sovietica
46%
1972 Unione Sovietica
46%
1988 Unione Sovietica
46%
Nessun quiz corrispondente trovato
Distribuzione punteggi
Percentuale di utenti per punteggio
Percentile per numero di risposta
I tuoi punteggi nel tempo
Non hai fatto questo quiz